| 000 | 00678cam a22002057a 4500 | ||
|---|---|---|---|
| 003 | MX-MxUPN | ||
| 005 | 20240913130815.0 | ||
| 008 | 240202s1999 mx| |||fr|||| 000 0 spa d | ||
| 040 |
_aMX-MxUPN _bspa |
||
| 041 | 0 | _aeng | |
| 050 | 4 |
_aJC423 _bW37 1999 |
|
| 100 | 1 |
_953580 _aWarren, Mark _q(Mark E.) |
|
| 245 | 1 | 0 | _aDeliberative democracy |
| 260 |
_aMéxico, D.F. : _bFacultad Latinoamericana de Ciencias Sociales, Sede Académica México, _c2000 |
||
| 300 | _a33 páginas | ||
| 490 | 0 |
_aDoctorado en ciencia política : documentos de trabajo ; _v1 |
|
| 650 | 7 |
_953582 _aDemocracia deliberativa |
|
| 902 |
_aMarielOrtiz/020224 _bVíctorGodínez/130924 |
||
| 942 |
_2lcc _cLIBRO |
||
| 999 |
_c210913 _d210913 |
||